00329 2200145 4500001002100000005001500021035002000036245004800056100001600104300000700120260002200127082000800149084001400157990001200171INLIS00000000000228420250527031441 a0010-05250005761 aGaya Tarik Apel Isaac Newton /cLiu Siu Yan0 aLiu Siu Yan a32 bPakar Raya,c2007 a500 a500 LIU g a0713202